徳島県の市町村(1960年) - Statistics

General Stats
  • This quiz has been taken 50 times
  • The average score is 42 of 53
Answer Stats
No. 市町村 備考 % Correct
1 徳島市
96%
2 鳴門市
96%
3 小松島市
93%
4 阿南市
89%
5 勝浦郡 勝浦町
89%
22 海部郡 海部町 2006年消滅
89%
6 勝浦郡 上勝町
86%
7 名東郡 佐那河内村
86%
9 名西郡 石井町
86%
15 那賀郡 上那賀町 2005年消滅
86%
19 海部郡 日和佐町 2006年消滅
86%
20 海部郡 牟岐町
86%
25 板野郡 松茂村 1961年昇格
86%
26 板野郡 北島町
86%
28 板野郡 藍住町
86%
29 板野郡 板野町
86%
30 板野郡 上板町
86%
34 阿波郡 阿波町 2005年消滅
86%
11 那賀郡 那賀川町 2006年消滅
82%
12 那賀郡 羽ノ浦町 2006年消滅
82%
17 那賀郡 木頭村 2005年消滅
82%
41 美馬郡 美馬町 2005年消滅
82%
47 三好郡 三好町 2006年消滅
82%
52 三好郡 東祖谷山村 2006年消滅
82%
10 名西郡 神山町
79%
13 那賀郡 鷲敷町 2005年消滅
79%
16 那賀郡 木沢村 2005年消滅
79%
21 海部郡 海南町 2006年消滅
79%
23 海部郡 宍喰町 2006年消滅
79%
33 阿波郡 市場町 2005年消滅
79%
48 三好郡 池田町 2006年消滅
79%
53 三好郡 西祖谷山村 2006年消滅
79%
18 海部郡 由岐町 2006年消滅
75%
35 麻植郡 鴨島町 2004年消滅
75%
36 麻植郡 川島町 2004年消滅
75%
37 麻植郡 山川町 2004年消滅
75%
39 麻植郡 木屋平村 1973年郡変更
75%
43 美馬郡 貞光町 2005年消滅
75%
45 美馬郡 穴吹町 2005年消滅
75%
46 三好郡 三野町 2006年消滅
75%
14 那賀郡 相生町 2005年消滅
71%
31 板野郡 吉野町 2005年消滅
71%
40 美馬郡 脇町 2005年消滅
71%
42 美馬郡 半田町 2005年消滅
71%
44 美馬郡 一宇村 2005年消滅
71%
49 三好郡 山城町 2006年消滅
71%
32 板野郡 土成町 2005年消滅
68%
38 麻植郡 美郷村 2004年消滅
68%
50 三好郡 井川町 2006年消滅
68%
51 三好郡 三加茂町 2006年消滅
68%
8 名東郡 国府町 1967年消滅
61%
24 板野郡 大麻町 1967年消滅
54%
27 板野郡 応神村 1966年消滅
54%
No matching quizzes found
Score Distribution
Percent of People with Each Score
Percentile by Number Answered
Your Score History
You have not taken this quiz